| 000 | nam a22 7a 4500 | ||
|---|---|---|---|
| 999 |
_c29077 _d29077 |
||
| 008 | 171106b xxu||||| |||| 00| 0 eng d | ||
| 020 | _a9788178886022 | ||
| 050 | _aRA 1226 .G46 2009 | ||
| 100 |
_aGhose, Soumitro. _d2009 |
||
| 245 |
_aEnvironmental toxicology and biotechnology/ _cSoumitro Ghose. |
||
| 260 |
_aNew Delhi: _bDominant Publishers and Distributors, _c2009. |
||
| 300 |
_a303 p. : _bill.; _c23cm. |
||
| 650 | _aEnvironmental toxicolog. | ||
| 700 | _aS.K. Dubey | ||
| 942 |
_2lcc _cBOOKS _hRA 1226 .G46 2009 |
||